000 00211nam a22000857a 4500
008 160818b xxu||||| |||| 00| 0 eng d
100 _9170
_aCBSE
245 _aInformation Practices-XI
260 _aNew Delhi
_bCBSE
_c2010
999 _c2828
_d2828